000
00316nam a22001337a 4500
008
180130b xxu||||| |||| 00| 0 eng d
020
_a
09113367273
041
_a
eng
080
_a
34
100
_a
13
101
_a
jur
245
_a
the international inductive study new testament
_c
billy.g
942
_2
udc
_c
BK
999
_c
41298
_d
41298